|
|
|
|
| LEADER |
00000 a a2200000 04500 |
| 001 |
35416 |
| 003 |
cru IIS |
| 005 |
20230320130924.0 |
| 008 |
230320b |||||||| |||| 00| 0 spa d |
| 020 |
|
|
|a 978-987-1183-65-4
|
| 040 |
|
|
|a CRAI/IIS
|c CRAI/IIS
|
| 090 |
|
|
|a 0001 R425r
|
| 100 |
1 |
|
|a De Bernis, Gérard
|9 11037
|
| 245 |
|
|
|a De la urgencia de abandonar la deuda de las periferias /
|c Gérar de Bernis
|
| 260 |
|
|
|a Buenos Aires:
|b CLACSO
|
| 300 |
|
|
|a 519-554p.
|
| 650 |
|
|
|a PAISES DESARROLLADOS
|
| 650 |
|
|
|a PAISES EN DESARROLLO
|
| 650 |
|
|
|a CREDITO
|
| 650 |
|
|
|a DEUDA EXTERNA
|
| 650 |
|
|
|a COMERCIO
|
| 700 |
|
|
|a coord.
|a Guillén R. Arturo
|a coord.
|
| 942 |
|
|
|2 ddc
|c LI
|
| 999 |
|
|
|c 17527
|d 17527
|
| 773 |
0 |
|
|0 10211
|9 8453
|a Vidal, Gregorio
|d Buenos Aires: CLACSO
|o 03010
|t Repensar la teoría del desarrollo de un contexto de globalización: homenaje a Celso Furtado /
|w ()35411
|z 978-987-1183-65-4
|